|
|
|
|
| LEADER |
00000naa2a2200000 4500 |
| 001 |
615292 |
| 005 |
20231101132842.0 |
| 035 |
|
|
|a (RuTPU)RU\TPU\conf\13491
|
| 035 |
|
|
|a RU\TPU\conf\13489
|
| 090 |
|
|
|a 615292
|
| 100 |
|
|
|a 20151103d2015 k y0rusy50 ca
|
| 101 |
0 |
|
|a rus
|
| 102 |
|
|
|a RU
|
| 105 |
|
|
|a y z 101zy
|
| 135 |
|
|
|a drcn ---uucaa
|
| 181 |
|
0 |
|a i
|
| 182 |
|
0 |
|a b
|
| 200 |
1 |
|
|a Моделирование однофазного асинхронного электродвигателя с повышенным пусковым моментом
|f Л. Ю. Бурцев, А. Б. Серов, Д. Э. Асатурян
|
| 203 |
|
|
|a Текст
|c электронный
|
| 225 |
1 |
|
|a Энергоэффективные технологии в электромеханике
|
| 230 |
|
|
|a 1 компьютерный файл (pdf; 341 Кb)
|
| 300 |
|
|
|a Заглавие с титульного экрана
|
| 320 |
|
|
|a [Библиогр.: с. 58 (3 назв.)]
|
| 337 |
|
|
|a Adobe Reader
|
| 463 |
|
0 |
|0 (RuTPU)RU\TPU\conf\13454
|t Энергетика, электромеханика и энергоэффективные технологии глазами молодежи
|o материалы III российской молодежной научной школы-конференции, г.Томск, 21-23 октября 2015 г.
|f Национальный исследовательский Томский политехнический университет (ТПУ) ; Российский фонд фундаментальных исследований (РФФИ) ; ред. кол. Е. П. Богданов , Т. В. Усачева
|v [С. 56-58]
|d 2015
|
| 610 |
1 |
|
|a труды учёных ТПУ
|
| 610 |
1 |
|
|a электронный ресурс
|
| 610 |
1 |
|
|a моделирование
|
| 610 |
1 |
|
|a однофазные двигатели
|
| 610 |
1 |
|
|a асинхронные электродвигатели
|
| 610 |
1 |
|
|a пусковые обмотки
|
| 610 |
1 |
|
|a статоры
|
| 700 |
|
1 |
|a Бурцев
|b Л. Ю.
|c специалист в области электротехники
|c инженер Томского политехнического университета
|g Леонид Юрьевич
|2 stltpush
|3 (RuTPU)RU\TPU\pers\36197
|
| 701 |
|
1 |
|a Серов
|b А. Б.
|c специалист в области электротехники
|c инженер Томского политехнического университета
|g Александр Борисович
|2 stltpush
|3 (RuTPU)RU\TPU\pers\32940
|
| 701 |
|
1 |
|a Асатурян
|b Д. Э.
|
| 712 |
0 |
2 |
|a Национальный исследовательский Томский политехнический университет (ТПУ)
|b Энергетический институт (ЭНИН)
|b Кафедра электротехнических комплексов и материалов (ЭКМ)
|h 7437
|2 stltpush
|3 (RuTPU)RU\TPU\col\20031
|
| 801 |
|
2 |
|a RU
|b 63413507
|c 20210211
|g RCR
|
| 856 |
4 |
|
|u http://earchive.tpu.ru/handle/11683/19714
|
| 856 |
4 |
|
|u http://www.lib.tpu.ru/fulltext/c/2015/C50/016.pdf
|
| 942 |
|
|
|c BK
|